000 00866nam a2200265Ia 4500
003 OSt
005 20221005104911.0
006 a|||||r|||| 00| 0
007 ta
008 221004b |||||||| |||| 00| 0 urd d
020 _a8126003154
024 _a29293
037 _cTextual
040 _aCRL
_cCRL
_burd
041 _2urd
_aurd
082 _aO168,1x, 152N8
100 _aअंजुम, ख़लिक, संपा.
245 0 _aज़ब्तशुदा नज़्में
246 _aज़btashudā naja़mean
260 _aदिल्ली
_bसाहित्य अकादमी भारत
_c1998
300 _a190पृ0
_ccm.
650 _aहिन्दी साहित्य
942 _hO168,1x, 152N8
_cTEXL
_2cc
999 _c1014122
_d1014122